| 000 | 00367 a2200169 4500 | ||
|---|---|---|---|
| 001 | 188445 | ||
| 020 | _a85-16-04317-7 | ||
| 040 | _cMagnum | ||
| 100 | _aCanto, Eduardo Leite do | ||
| 240 | 1 | 0 |
_aCiências naturais 7 _lpor |
| 245 | 1 | 0 | _aCiências naturais 7 |
| 300 | _a288 | ||
| 362 | 0 | _a2008 | |
| 440 | 1 | _aModerna | |
| 697 | _aCIÊNCIAS NATURAIS | ||
| 942 | _cBK | ||
| 999 |
_c188445 _d188445 |
||